Antioxidačné pôsobenie tanakanu na ischemicko-reperfúzne poškodenie miechy králika

Bibliographic Details
Main Authors: Mechírová, Eva, 1950- (Author), Domoráková, Iveta, 1959- (Author), Feriková, M. (Author)
Format: Article
Language:Slovak
ISBN:8070975202

MARC

LEADER 00000naa a2200000uu 4500
001 vtls010929974
003 SK-MaSNL
005 20260302140920.0
008 210910|2003 xo |||||||||||||||||slo|
015 |a SNBRA 
035 |a (urnnbn)urn:nbn:sk:snk:ar-a0b2zb 
035 |a (uuid)65bbd2e9-804f-4457-ab19-315a3dadbb8f 
035 |a urn:nbn:sk:snk-aatvi2 
040 |a SNKBUCL  |b slo  |c SNKBUCL  |e AACR2 
041 0 |a slo 
044 |a xo  |c SK 
100 1 |a Mechírová, Eva,  |d 1950-  |4 aut  |9 188723 
245 1 0 |a Antioxidačné pôsobenie tanakanu na ischemicko-reperfúzne poškodenie miechy králika  |c E. Mechírová, I. Domoráková, M. Feriková 
700 1 |a Domoráková, Iveta,  |d 1959-  |4 aut  |9 235837 
700 1 |a Feriková, M.  |4 aut  |9 827696 
773 0 |t 6. Košický morfologický deň  |d V Košiciach : Univerzita P. J. Šafárika, 2003, 2003  |g S. 20-22  |z 8070975202 
958 |a OND 
958 |a article11 
958 |a chapter 
999 |c 1333130  |d 1335060